|
|
|
|
| LEADER |
00000nam0a2200000 4500 |
| 001 |
205549 |
| 005 |
20241022154512.0 |
| 010 |
|
|
|a 9785944762221
|
| 035 |
|
|
|a (RuTPU)RU\TPU\book\224018
|
| 090 |
|
|
|a 205549
|
| 100 |
|
|
|a 20111212d2010 km y0rusy50 ca
|
| 101 |
0 |
|
|a rus
|
| 102 |
|
|
|a RU
|
| 105 |
|
|
|a a z 000zy
|
| 200 |
1 |
|
|a Растения Томской области. Пора цветения
|f Н. А. Олонов, М. В. Олонова
|
| 205 |
|
|
|a 2-е изд., перераб. и доп.
|
| 210 |
|
|
|a Томск
|c Печатная мануфактура
|d 2009
|
| 215 |
|
|
|a 81 с.
|c ил.
|
| 225 |
1 |
|
|a Мир природы Томской области
|
| 330 |
|
|
|a Книга содержит краткие сведения о 146 видах растений, цветущих в г.Томске и Томской области. Предназначена для широкого круга читателей, любящих природу и интересующихся ботаникой. Первое издание вышло в 2009 г.
|
| 610 |
1 |
|
|a популярные издания
|
| 610 |
1 |
|
|a ботаника
|
| 610 |
1 |
|
|a растения
|
| 610 |
1 |
|
|a Томская область
|
| 675 |
|
|
|a 087:58
|v 3
|
| 700 |
|
1 |
|a Олонов
|b Н. А.
|g Николай Александрович
|
| 701 |
|
1 |
|a Олонова
|b М. В.
|g Марнина Владимировна
|
| 712 |
0 |
1 |
|a Томская область
|b Департамент природных ресурсов и охраны окружающей среды
|3 (RuTPU)RU\TPU\col\9844
|9 24751
|
| 712 |
0 |
1 |
|a Томская область
|b Областной комитет охраны окружающей среды и природопользования (Облкомприрода)
|3 (RuTPU)RU\TPU\col\3273
|
| 712 |
0 |
2 |
|a Томский государственный университет (ТГУ)
|b Кафедра экологического менеджмента
|3 (RuTPU)RU\TPU\col\397
|
| 712 |
0 |
2 |
|a Центр экологической политики и информации
|3 (RuTPU)RU\TPU\col\9884
|
| 801 |
|
1 |
|a RU
|b 63413507
|c 20111212
|
| 801 |
|
2 |
|a RU
|b 63413507
|c 20111219
|g RCR
|
| 942 |
|
|
|c BK
|